| 000 | 00763nam a2200229 4500 | ||
|---|---|---|---|
| 001 | 143027 | ||
| 003 | ES-MaACL | ||
| 005 | 20250831063038.0 | ||
| 007 | t| | ||
| 008 | 070214s1962 sp r ||||1| spa d | ||
| 080 | _a342.72/.73(4) | ||
| 100 | 1 |
_aSela Quintana, Luis _9105287 |
|
| 245 | 1 | 3 |
_aLa Carta Social Europea / _cpor Luis Sela Quintana. |
| 260 |
_aOviedo : _b[Escuela Social], _c1962 ( _fImp. La Cruz) |
||
| 300 |
_a66 p. ; _c25 cm. |
||
| 490 | 1 | _aPublicaciones de la Escuela Social de Oviedo | |
| 630 | 0 | 4 |
_aCarta Social Europea ( _d1961) _9173580 |
| 710 | 2 |
_aUniversidad de Oviedo. _bEscuela Social. _97264 |
|
| 830 | 1 |
_aPublicaciones de la Escuela Social de Oviedo _9220526 |
|
| 852 |
_aES-MaACL _jC-24437 |
||
| 999 |
_c143027 _d143027 |
||